Silovyje električeskije kondensatory
Saved in:
| Format: | Book |
|---|---|
| Language: | Russian |
| Published: |
Moskva :
Energija,
1975
|
| Tags: |
No Tags, Be the first to tag this record!
|
MARC
| LEADER | 00000nam a22000003a 4500 | ||
|---|---|---|---|
| 001 | stu141688 | ||
| 005 | 20141122173709.6 | ||
| 008 | 070523s1975------------------------rus-d | ||
| 040 | |a STU |b slo | ||
| 041 | 0 | |a rus | |
| 080 | |a 621.319.4 | ||
| 245 | |a Silovyje električeskije kondensatory | ||
| 260 | |a Moskva : |b Energija, |c 1975 | ||
| 300 | |a 246 s | ||
| 996 | |b E42647 |c E*42647 |l EE05 |s P |a 0 |w stu141688_0001 | ||
| 996 | |b E46171 |c E*46171 |l EE05 |s P |a 0 |w stu141688_0002 | ||